Lista de documentos sobre ciencia y tecnología que pueden consultarse en el CEDOP-MIDEPLAN /
Na minha lista:
| Autor principal: | |
|---|---|
| Autores Corporativos: | , |
| Outros Autores: | |
| Formato: | Texto |
| Publicado em: |
San José
|
| Tags: |
Adicionar Tag
Sem tags, seja o primeiro a adicionar uma tag!
|
MARC
| LEADER | 00000 a a2200000 04500 | ||
|---|---|---|---|
| 001 | 21521 | ||
| 003 | |||
| 040 | |||
| 090 | |a 095100 | ||
| 100 | |a Rodríguez, María de los Angeles | ||
| 110 | |a Costa Rica. Ministerio de Planificación Nacional y Política Económica | ||
| 245 | |a Lista de documentos sobre ciencia y tecnología que pueden consultarse en el CEDOP-MIDEPLAN / |c Costa Rica. Ministerio de Planificación Nacional y Política Económica | ||
| 260 | |a San José | ||
| 300 | |a 81 p | ||
| 700 | |a Vallejos, Maribel | ||
| 710 | |a MIDEPLAN. CEDOP | ||
| 999 | |c 11958 |d 11958 | ||
